| 000 | 00880cab a2200229 4500 | ||
|---|---|---|---|
| 001 | WB3313-50 | ||
| 008 | 090401t1997 xxu||||| |||| 00| 0 eng d | ||
| 035 | _a(Sirsi) u80225 | ||
| 041 | _aeng | ||
| 245 | _aProperty systems review | ||
| 260 | _c1997 | ||
| 350 | _a0 | ||
| 490 |
_aProperty Systems Review _v(1) Spring 1997 (19) LOAN |
||
| 520 | _aProvides information about property systems for professionals who manage, invest or trade in commercial and large scale residential property. Considers how IT can improve property returns, offices for the millennium and the future of property management systems. | ||
| 650 | _aPROPERTY-COMMERCIAL PROPERTY | ||
| 650 | _aMULTIMEDIA | ||
| 650 | _aPROPERTY MANAGEMENT SYSTEMS | ||
| 650 |
_aProperty management _96262 |
||
| 690 | _aMANAGEMENT-BUSINESS MANAGEMENT-INFORMATION MANAGEMENT | ||
| 942 | _n0 | ||
| 948 | _c13/08/1997 | ||
| 999 |
_c50496 _d50496 |
||